00421nam a2200181Ia 4500003000400000005001700004008004000021020001800061040000700079041001200086082001800098100001900116245003000135250000600165260003600171300001200207700002000219OSt20220826115612.0210210b1976 xxu||||| |||| 00| 0 eng d a0 7069 0335 8 cAL aEnglish a583.0433 BHOE aBHOJWANI (S S) aEmbryology of angiosperms a2 aN DelhibVikas Publishingc1976 axiv,264 aBHATNAGAR (S P)